Normal view
MARC view
Entry Personal Name
001 - CONTROL NUMBER
- control field: 24937
003 - CONTROL NUMBER IDENTIFIER
- control field: ARRUPE
005 - DATE AND TIME OF LATEST TRANSACTION
- control field: 20160812105220.0
008 - FIXED-LENGTH DATA ELEMENTS
- fixed length control field: 160812|| aca||aabn | a|a d
040 ## - CATALOGING SOURCE
- Original cataloging agency: ARRUPE
- Transcribing agency: ARRUPE
100 ## - HEADING--PERSONAL NAME
- Personal name: Brewer, Ebenezer Cobham,
- Dates associated with a name: 1810-1897.
670 ## - SOURCE DATA FOUND
- Source citation: Work cat.: (ARRUPE)0: Brewer, Ebenezer Cobham, 1810-1897., Brewer's dictionary of phrase and fable /, c1970.